The theory of magnetism : (Record no. 8786)
[ view plain ]
| 000 -LEADER | |
|---|---|
| fixed length control field | 01017pam a2200313 a 4500 |
| 001 - CONTROL NUMBER | |
| JCCL Control Number | 8786 |
| 003 - CONTROL NUMBER IDENTIFIER | |
| JCCL marc code | BD-JhCC |
| 005 - DATE AND TIME OF LATEST TRANSACTION | |
| control field | 20180529135857.0 |
| 008 - FIXED-LENGTH DATA ELEMENTS--GENERAL INFORMATION | |
| fixed length control field | 870908m19889999gw a b 001 0 eng |
| 020 ## - INTERNATIONAL STANDARD BOOK NUMBER | |
| International Standard Book Number | 0387184252 (U.S. : pbk. : v. 1) |
| 035 ## - SYSTEM CONTROL NUMBER | |
| system control number | (BD-JhCC)8786 |
| 040 ## - CATALOGING SOURCE | |
| Original cataloging agency | DLC |
| Transcribing agency | DLC |
| Modifying agency | DLC |
| -- | BD-JhCC |
| 041 ## - LANGUAGE CODE | |
| Language code of Book | eng |
| 050 00 - LIBRARY OF CONGRESS CALL NUMBER | |
| Classification number | QC753.2 |
| Item number | .M37 1988 |
| 082 00 - DEWEY DECIMAL CLASSIFICATION NUMBER | |
| Classification number | 538 |
| DDC Edition number | 19 |
| Author mark and Year | MAT 1988 |
| 100 1# - MAIN ENTRY--PERSONAL NAME | |
| Personal name | Mattis, Daniel Charles, |
| Dates associated with a name | 1932- |
| 245 14 - TITLE STATEMENT | |
| Title | The theory of magnetism : |
| Remainder of title | an introduction to the study of cooperative phenomena / |
| Statement of responsibility, etc | Daniel C. Mattis. |
| 250 ## - EDITION STATEMENT | |
| Edition statement | Corr. 2nd print. |
| 260 ## - PUBLICATION, DISTRIBUTION, ETC. (IMPRINT) | |
| Place of publication, distribution, etc | Berlin ; |
| -- | New York : |
| Name of publisher, distributor, etc | Springer-Verlag, |
| Date of publication, distribution, etc | 1988- , c1981- |
| 300 ## - PHYSICAL DESCRIPTION | |
| Pagination | v. <1 > : |
| Other physical details | ill. ; |
| Dimensions | 23 cm. |
| 490 1# - SERIES STATEMENT | |
| Series statement | Springer series in solid-state sciences ; |
| Volume number/sequential designation | 17- |
| 500 ## - GENERAL NOTE | |
| General note | Includes index. |
| 504 ## - BIBLIOGRAPHY, ETC. NOTE | |
| Bibliography, etc | Bibliography: v. 1, p. [285]-295. |
| 505 1# - FORMATTED CONTENTS NOTE | |
| Formatted contents note | 1. Statics and dynamics |
| 650 #0 - SUBJECT ADDED ENTRY--TOPICAL TERM | |
| Topical term or geographic name as entry element | Magnetism. |
| 830 #0 - SERIES ADDED ENTRY--UNIFORM TITLE | |
| Uniform title | Springer series in solid-state sciences ; |
| Volume number/sequential designation | 17, etc. |
| 942 ## - ADDED ENTRY ELEMENTS (KOHA) | |
| Source of classification or shelving scheme | Dewey Decimal Classification |
| Koha item type | Books |
| Source of classification or shelving scheme | Damaged status | Not for loan | Home library | Current library | Shelving location | Total Checkouts | Full call number | Barcode | Date last seen | Copy number | Koha item type |
|---|---|---|---|---|---|---|---|---|---|---|---|
| Dewey Decimal Classification | JCC Rouf Library | JCC Rouf Library | General Stacks | 538 MAT 1988 | 11736 | 03/03/2018 | C - 1 | Books |